000 00620nam a2200145Ia 4500
008 090124s9999 xx 000 0 und d
082 _b19757
245 _a सय़ाजीराव गाय़कवाड य़ांची भाषणणे - 2
250 _a1
260 _bदामोदर सांवळाराम आणि मंडळी
_c1937
300 _a331
630 _a सय़ाजीराव गाय़कवाड य़ांची भाषणणे - 2
730 _a सय़ाजीराव गाय़कवाड य़ांची भाषणणे - 2
942 _cBOOK
999 _c90147
_d90147